000 01071nam a2200241Ia 4500
001 271.709 2-MON an fu (13977)
003 IT-MiSPE
008 171229s9999||||xx |||||||||||||| ||und||
040 _aIT-MiSPE
_cIT-MiSPE
041 _aITALIANO
100 _aAngelo Montonati
245 0 _aFuoco nella città
_bSant'Antonio Maria Zaccaria (1502-1539)
250 _a1a ed. (v)
260 _aCinisello B.mo
_bSan Paolo
_c2002
300 _a205 p.
_c22 cm
490 _aI protagonisti
_v46
500 _aAntonio Maia Zaccaria, santo
501 _aEdizioni San Paolo srl - Piazza Soncino, 5 - 20092 CINISELLO BALSAMO (MI) (non commercial uses only) ® Copyright 2018
520 _aTav.
942 _cBK
957 _71
999 _a353
_bNO
_g Copie: 1
_c347736
_d347736